Normal view
MARC view
- Bloom, Jonathan
Entry Personal Name
001 - CONTROL NUMBER
- control field: 32576
003 - CONTROL NUMBER IDENTIFIER
- control field: NUST
005 - DATE AND TIME OF LATEST TRANSACTION
- control field: 20201019100325.0
008 - FIXED-LENGTH DATA ELEMENTS
- fixed length control field: 201019|| aca||aabn | a|a d
040 ## - CATALOGING SOURCE
- Original cataloging agency: NUST
- Transcribing agency: NUST
100 ## - HEADING--PERSONAL NAME
- Personal name: Bloom, Jonathan
670 ## - SOURCE DATA FOUND
- Source citation: Work cat.: (NUST)311: Blair, Sheila. 32575, The art and architecture of Islam 1250-1800 /, 1994.
